<?xml version="1.0" encoding="UTF-8"?>
<record
    xmlns:xsi="http://www.w3.org/2001/XMLSchema-instance"
    xsi:schemaLocation="http://www.loc.gov/MARC21/slim http://www.loc.gov/standards/marcxml/schema/MARC21slim.xsd"
    xmlns="http://www.loc.gov/MARC21/slim">

  <leader>00653nam a2200217Ia 4500</leader>
  <datafield tag="999" ind1=" " ind2=" ">
    <subfield code="c">50433</subfield>
    <subfield code="d">50433</subfield>
  </datafield>
  <controlfield tag="001">17377</controlfield>
  <controlfield tag="003">GE_BSU</controlfield>
  <controlfield tag="005">20200226111441.0</controlfield>
  <controlfield tag="008">181216s1976||||enk|||||||||||||| ||eng||</controlfield>
  <datafield tag="040" ind1=" " ind2=" ">
    <subfield code="c">GE_BSU</subfield>
  </datafield>
  <datafield tag="041" ind1=" " ind2=" ">
    <subfield code="a">eng</subfield>
  </datafield>
  <datafield tag="080" ind1=" " ind2=" ">
    <subfield code="a">616-093 Ch-49</subfield>
  </datafield>
  <datafield tag="100" ind1=" " ind2=" ">
    <subfield code="a">Chatterjee, K.D.</subfield>
    <subfield code="9">7459</subfield>
  </datafield>
  <datafield tag="245" ind1=" " ind2=" ">
    <subfield code="a">Parasitology :</subfield>
    <subfield code="b">Protozoology and Helminthology in Relation to Clinical Medicine /</subfield>
    <subfield code="c"> K. D. Chatterjee.</subfield>
  </datafield>
  <datafield tag="264" ind1=" " ind2=" ">
    <subfield code="a">Calcutta,</subfield>
    <subfield code="c">1976.</subfield>
  </datafield>
  <datafield tag="300" ind1=" " ind2=" ">
    <subfield code="a">237 p.</subfield>
  </datafield>
  <datafield tag="653" ind1=" " ind2=" ">
    <subfield code="a">&#x10DE;&#x10D0;&#x10E0;&#x10D0;&#x10D6;&#x10D8;&#x10E2;&#x10DD;&#x10DA;&#x10DD;&#x10D2;&#x10D8;&#x10D0;</subfield>
  </datafield>
  <datafield tag="653" ind1=" " ind2=" ">
    <subfield code="a">&#x10DE;&#x10E0;&#x10DD;&#x10E2;&#x10DD;&#x10D6;&#x10DD;&#x10DD;&#x10DA;&#x10DD;&#x10D2;&#x10D8;&#x10D0;</subfield>
  </datafield>
  <datafield tag="653" ind1=" " ind2=" ">
    <subfield code="a">&#x10F0;&#x10D4;&#x10DA;&#x10DB;&#x10D8;&#x10DC;&#x10D7;&#x10DD;&#x10DA;&#x10DD;&#x10D2;&#x10D8;&#x10D0; </subfield>
  </datafield>
  <datafield tag="942" ind1=" " ind2=" ">
    <subfield code="c">BK</subfield>
    <subfield code="2">udc</subfield>
  </datafield>
  <datafield tag="952" ind1=" " ind2=" ">
    <subfield code="0">0</subfield>
    <subfield code="1">0</subfield>
    <subfield code="2">udc</subfield>
    <subfield code="4">0</subfield>
    <subfield code="6">616093_CH49</subfield>
    <subfield code="7">0</subfield>
    <subfield code="9">68872</subfield>
    <subfield code="a">CPL</subfield>
    <subfield code="b">CPL</subfield>
    <subfield code="c">GEN</subfield>
    <subfield code="d">2018-12-17</subfield>
    <subfield code="g">80.00</subfield>
    <subfield code="o">616-093 Ch-49</subfield>
    <subfield code="p">701</subfield>
    <subfield code="r">2018-12-17</subfield>
    <subfield code="t">701</subfield>
    <subfield code="w">2018-12-17</subfield>
    <subfield code="y">BK</subfield>
    <subfield code="z">80 &#x10DA;.</subfield>
  </datafield>
</record>
